| 000 | 00798cam a2200277Ia 4500 | ||
|---|---|---|---|
| 001 | 1044416 | ||
| 003 | SIRSI | ||
| 005 | 20191111143053.0 | ||
| 008 | 741018s1954 enkc b 000 0beng d | ||
| 010 |
_aa 55001407 _vAAG-8069 |
||
| 035 | _a(Sirsi) o01044416 | ||
| 035 | _a(Sirsi) 01-AAG-0888 | ||
| 036 | _au60679 | ||
| 040 |
_aDuke Univ. Library _cCOO _dSER _dm.c. _dTSW |
||
| 050 | 1 |
_aBX9418 _b.P36 |
|
| 090 |
_aBX9418 _b.P36 |
||
| 100 | 1 |
_aParker, T. H. L. _q(Thomas Henry Louis) |
|
| 245 | 0 | 0 |
_aPortrait of Calvin / _cby T.H.L. Parker. |
| 260 |
_aLondon : _bSCM Press, _c[1954] |
||
| 300 |
_a124 p. : _bport. ; _c19 cm. |
||
| 504 | _aIncludes bibliographical references. | ||
| 600 | 1 | 0 |
_aCalvin, Jean, _d1509-1564. |
| 945 | _aBX9418 .P36 | ||
| 945 | _aBX9418 .P36 | ||
| 945 | _aBX9418 .P36 | ||
| 999 |
_c48841 _d48841 |
||